[Event "6th Dubai Open"]
[Site "Dubai UAE"]
[Date "2004.04.22"]
[EventDate "2004.04.19"]
[Round "4"]
[Result "0-1"]
[White "Eltaj Safarli"]
[Black "Tahir Vakhidov"]
[WhiteElo "2310"]
[BlackElo "2517"]
[PlyCount "54"]

1. d4 c5 2. dxc5 e6 3. Nc3 Bxc5 4. Ne4 Nf6 5. Nxc5 Qa5+ 6. Qd2
Qxc5 7. Qg5 Qxg5 8. Bxg5 d5 9. Bxf6 gxf6 10. O-O-O Nc6 11. e3
Bd7 12. Nf3 Ke7 13. Kb1 Rac8 14. a3 Rhg8 15. Rg1 a6 16. c4
dxc4 17. Bxc4 Na5 18. Bd3 Ba4 19. Rc1 Rxc1+ 20. Kxc1 Nb3+
21. Kb1 Rc8 22. g3 h6 23. Re1 Bc6 24. Bc2 Bxf3 25. Bxb3 Be4+
26. Ka1 b5 27. Rd1 f5 0-1

[Event "6th Dubai Open"]
[Site "Dubai UAE"]
[Date "2004.04.25"]
[EventDate "2004.04.19"]
[Round "7"]
[Result "1-0"]
[White "Rauf Mamedov"]
[Black "Eltaj Safarli"]
[WhiteElo "2494"]
[BlackElo "2310"]
[PlyCount "59"]

1. e4 c5 2. Nf3 e6 3. d4 cxd4 4. Nxd4 Nf6 5. Nc3 d6 6. Be2 Be7
7. O-O a6 8. f4 Qc7 9. Bf3 O-O 10. Kh1 Nc6 11. Be3 Nxd4
12. Qxd4 e5 13. Qd3 exf4 14. Bxf4 Be6 15. Nd5 Bxd5 16. exd5
Nd7 17. Be4 g6 18. Qg3 Rfe8 19. Rae1 Bf8 20. c3 Ne5 21. h3 Bg7
22. Bc2 b5 23. Bb3 Rab8 24. Re2 a5 25. a3 a4 26. Ba2 Qd7
27. Ref2 Rf8 28. Bg5 f5 29. Bf4 Rfe8 30. Re2 1-0

[Event "6th Dubai Open"]
[Site "Dubai UAE"]
[Date "2004.04.27"]
[EventDate "2004.04.19"]
[Round "8"]
[Result "1/2-1/2"]
[White "Elshan Moradiabadi"]
[Black "Eltaj Safarli"]
[WhiteElo "2436"]
[BlackElo "2310"]
[PlyCount "71"]

1. d4 Nf6 2. Nf3 e6 3. Bg5 Be7 4. c4 Ne4 5. Bxe7 Qxe7 6. Nbd2
Nxd2 7. Qxd2 f5 8. g3 d6 9. Bg2 Nd7 10. O-O Nf6 11. Rad1 O-O
12. Qb4 Re8 13. Rfe1 c5 14. Qa3 e5 15. e3 e4 16. Nd2 a5
17. Qc3 b6 18. f4 exf3 19. Bxf3 Bb7 20. d5 Rf8 21. e4 Rae8
22. e5 dxe5 23. d6 Qd7 24. Bxb7 Qxb7 25. Rxe5 Qc6 26. Rxe8
Nxe8 27. Nf3 Nxd6 28. Ne5 Qc7 29. Qd3 Nf7 30. Nd7 Rd8 31. Qd5
f4 32. gxf4 Qxf4 33. Qe6 h5 34. h3 Kh8 35. Rd5 Ng5 36. Qe2
1/2-1/2

[Event "6th Dubai Open"]
[Site "Dubai UAE"]
[Date "2004.04.28"]
[EventDate "2004.04.19"]
[Round "9"]
[Result "1/2-1/2"]
[White "Eltaj Safarli"]
[Black "Sergey Kayumov"]
[WhiteElo "2310"]
[BlackElo "2418"]
[PlyCount "46"]

1. d4 d5 2. Bg5 h6 3. Bh4 c6 4. e3 Qb6 5. Qc1 Bf5 6. Nf3 e6
7. Nbd2 Be7 8. Bxe7 Nxe7 9. c4 Nd7 10. Be2 O-O 11. O-O Rfc8
12. c5 Qc7 13. b4 a5 14. a3 Ng6 15. Qc3 Re8 16. b5 e5 17. b6
Qb8 18. dxe5 Ngxe5 19. Nd4 Ng4 20. Bxg4 Bxg4 21. h3 Be6 22. a4
Nf6 23. N4f3 Ra6 1/2-1/2

[Event "8th Dubai Open"]
[Site "Dubai"]
[Date "2006.04.26"]
[EventDate "2006.??.??"]
[Round "4.9"]
[Result "1/2-1/2"]
[White "Ashot Anastasian"]
[Black "Eltaj Safarli"]
[WhiteElo "2553"]
[BlackElo "2417"]
[PlyCount "82"]

1. d4 Nf6 2. c4 e6 3. Nc3 Bb4 4. Qc2 O-O 5. a3 Bxc3+ 6. Qxc3
b6 7. Nf3 Bb7 8. g3 d6 9. Bg2 Nbd7 10. O-O e5 11. b3 Re8
12. Bb2 Qe7 13. Rad1 Rad8 14. d5 c6 15. Nh4 cxd5 16. cxd5 g6
17. f4 Rc8 18. Qd2 exf4 19. Rxf4 Ne5 20. Rdf1 Nfd7 21. Bh3 Rc5
22. Rxf7 Nxf7 23. Be6 Bxd5 24. Bxd5 Rxd5 25. Qxd5 Qe6 26. Qb7
Nc5 27. Qxa7 Qe3+ 28. Rf2 Rf8 29. Ng2 Qxb3 30. Bc1 Qd1+
31. Rf1 Qxe2 32. Nf4 Qc4 33. Bb2 Qb3 34. Bd4 Qc4 35. Ba1 Qe4
36. Qxb6 Qe3+ 37. Kh1 Ne5 38. Qxd6 Qe4+ 39. Kg1 Qe3+ 40. Kg2
Qe4+ 41. Kg1 Qe3+ 1/2-1/2

[Event "8th Dubai Open"]
[Site "Dubai"]
[Date "2006.04.27"]
[EventDate "2006.??.??"]
[Round "5.9"]
[Result "0-1"]
[White "Eltaj Safarli"]
[Black "Levan Pantsulaia"]
[WhiteElo "2417"]
[BlackElo "2611"]
[PlyCount "120"]

1. e4 c6 2. d4 d5 3. Nc3 dxe4 4. Nxe4 Bf5 5. Nc5 Qc7 6. Nf3 e6
7. Nb3 Nd7 8. Bd3 Bg4 9. h3 Bh5 10. a4 Ngf6 11. a5 a6 12. O-O
Bd6 13. Nbd2 O-O 14. c3 c5 15. Be2 Rfd8 16. Nc4 Be7 17. Qb3
Nd5 18. Bd2 Rac8 19. Rac1 Bf6 20. Rfd1 h6 21. Qa3 Qb8 22. Be3
Nxe3 23. fxe3 Qg3 24. Ncd2 Bg6 25. Nf1 Qc7 26. Bd3 Bxd3
27. Rxd3 e5 28. dxe5 Nxe5 29. Nxe5 Qxe5 30. Rcd1 Rxd3 31. Rxd3
c4 32. Rd2 Qb5 33. Qa1 Rd8 34. Rf2 Rd5 35. Nd2 Bg5 36. Nf1
Qxa5 37. Qb1 Rd3 38. Rf3 Qd5 39. Qe1 b5 40. Qg3 Qd6 41. Qg4
Qe6 42. Qg3 Rd6 43. h4 Bf6 44. h5 Be5 45. Qh4 Rd3 46. Rf2 a5
47. g3 Bc7 48. Qh1 Bb6 49. Qa8+ Kh7 50. Kg2 b4 51. Qb7 f5
52. cxb4 axb4 53. g4 fxg4 54. Rf4 Rb3 55. Rf7 Rxb2+ 56. Kh1
Qe5 57. Rxg7+ Qxg7 58. Qe4+ Kg8 59. Qe6+ Qf7 60. Qxg4+ Kh8 0-1

[Event "8th Dubai Open"]
[Site "Dubai"]
[Date "2006.04.30"]
[EventDate "2006.04.30"]
[Round "8.9"]
[Result "1/2-1/2"]
[White "Eltaj Safarli"]
[Black "Ramachandran Ramesh"]
[WhiteElo "2417"]
[BlackElo "2507"]
[PlyCount "45"]

1. e4 e5 2. Nf3 Nf6 3. Nxe5 d6 4. Nf3 Nxe4 5. Nc3 Nxc3 6. dxc3
Be7 7. Be3 Nc6 8. Qd2 O-O 9. O-O-O Ne5 10. h4 Bg4 11. Be2 Qc8
12. h5 Re8 13. Kb1 a6 14. Nxe5 Bxe2 15. Qxe2 dxe5 16. g4 Qe6
17. g5 Rad8 18. Rdg1 Rd6 19. Rg3 Red8 20. b3 b5 21. g6 fxg6
22. hxg6 hxg6 23. Kb2 1/2-1/2

[Event "8th Dubai Open"]
[Site "Dubai"]
[Date "2006.05.01"]
[EventDate "2006.??.??"]
[Round "9.9"]
[Result "0-1"]
[White "Sergei Krivoshey"]
[Black "Eltaj Safarli"]
[WhiteElo "2531"]
[BlackElo "2417"]
[PlyCount "92"]

1. Nf3 Nf6 2. c4 b6 3. g3 Bb7 4. d4 e6 5. Bg2 Bb4+ 6. Bd2 Qe7
7. O-O O-O 8. Bf4 Bd6 9. Bxd6 cxd6 10. d5 Na6 11. Nc3 Rac8
12. Nd2 exd5 13. cxd5 Rfe8 14. Re1 Nc5 15. Rc1 h5 16. Nb3 Nce4
17. Nxe4 Nxe4 18. Rxc8 Rxc8 19. Nd4 Qe5 20. f3 Nf6 21. e4 Rc4
22. Nb5 Qxb2 23. Nxd6 Rc2 24. Bf1 Ba6 25. Qa1 Qa3 26. Bxa6
Qxf3 27. Re2 Rxe2 28. Bxe2 Qxe2 29. Qd4 Ng4 30. Nf5 f6 31. h3
Ne5 32. Qf2 Qxe4 33. Ne3 b5 34. Kf1 Nd3 35. Qd2 Qf3+ 36. Kg1
Qxg3+ 37. Ng2 Ne5 38. Qe2 Qxh3 39. Qxb5 Qg4 40. Qb8+ Kh7
41. Qb1+ g6 42. Qf1 Nf3+ 43. Kf2 h4 44. Ne3 Qg3+ 45. Ke2 Nd4+
46. Kd2 Qg5 0-1

[Event "5th Istanbul Festival"]
[Site "Istanbul TUR"]
[Date "2006.09.05"]
[EventDate "2006.08.30"]
[Round "7"]
[Result "1/2-1/2"]
[White "Eltaj Safarli"]
[Black "Vladimir Baklan"]
[WhiteElo "2421"]
[BlackElo "2621"]
[PlyCount "41"]

1. e4 c5 2. Nf3 d6 3. d4 cxd4 4. Nxd4 Nf6 5. Nc3 Nc6 6. g3 g6
7. Nde2 Bg7 8. Bg2 O-O 9. O-O Rb8 10. Nd5 Nd7 11. c3 b5
12. Nd4 Nxd4 13. cxd4 e6 14. Nf4 e5 15. dxe5 Nxe5 16. Be3 Nc4
17. Bxa7 Ra8 18. Bd4 Nxb2 19. Qd2 Nc4 20. Qd1 Nb2 21. Qd2
1/2-1/2

[Event "5th Istanbul Festival"]
[Site "Istanbul TUR"]
[Date "2006.09.06"]
[EventDate "2006.08.30"]
[Round "8"]
[Result "1/2-1/2"]
[White "Eltaj Safarli"]
[Black "David Arutinian"]
[WhiteElo "2421"]
[BlackElo "2552"]
[PlyCount "92"]

1. e4 c6 2. d4 d5 3. exd5 cxd5 4. c4 Nf6 5. Nc3 e6 6. Nf3 Bb4
7. cxd5 Nxd5 8. Bd2 Nc6 9. Bd3 O-O 10. O-O Nf6 11. Bg5 h6
12. Bh4 Be7 13. a3 Nh5 14. Bxe7 Nxe7 15. Ne5 Nf6 16. Re1 Qb6
17. Qd2 Rd8 18. Rad1 Bd7 19. Re3 Be8 20. Bb1 Nc6 21. Nxc6 Bxc6
22. Rg3 Kf8 23. Rd3 Rd7 24. b4 Bb5 25. Nxb5 Qxb5 26. Qc1 b6
27. Rc3 Rad8 28. Rc8 Qd5 29. h3 Rxc8 30. Qxc8+ Ke7 31. Bc2 Rd8
32. Qa6 Rd7 33. Qc8 Qb7 34. Qc3 Qc7 35. Qb2 Nd5 36. Bd3 Qd6
37. g3 Rc7 38. Bf1 Nf6 39. Bg2 Rd7 40. Qc3 Rd8 41. Bf3 Kf8
42. Kg2 g6 43. h4 Rd7 44. Qe3 Kg7 45. Qe5 Qc7 46. g4 Qxe5
1/2-1/2

[Event "5th Istanbul Festival"]
[Site "Istanbul TUR"]
[Date "2006.09.07"]
[EventDate "2006.08.30"]
[Round "9"]
[Result "1-0"]
[White "Evgenij Miroshnichenko"]
[Black "Eltaj Safarli"]
[WhiteElo "2616"]
[BlackElo "2421"]
[PlyCount "45"]

1. d4 Nf6 2. c4 e6 3. Nc3 Bb4 4. Qc2 O-O 5. a3 Bxc3+ 6. Qxc3
b6 7. Bg5 d6 8. Qf3 c6 9. e3 Bb7 10. Bd3 h6 11. h4 Re8 12. Ne2
Kf8 13. O-O-O Nbd7 14. g4 d5 15. cxd5 hxg5 16. dxe6 Rxe6
17. hxg5 Ng8 18. Nf4 Ke7 19. Rh8 Rd6 20. Bh7 Qc7 21. Qe4+ Re6
22. Nxe6 fxe6 23. Rxg8 1-0

[Event "5th Istanbul Festival"]
[Site "Istanbul TUR"]
[Date "2006.09.02"]
[EventDate "2006.08.30"]
[Round "4"]
[Result "1-0"]
[White "Giorgi Kacheishvili"]
[Black "Eltaj Safarli"]
[WhiteElo "2589"]
[BlackElo "2421"]
[PlyCount "77"]

1. Nf3 c5 2. c4 b6 3. Nc3 Bb7 4. d4 cxd4 5. Nxd4 Nf6 6. f3 d6
7. e4 e6 8. Be2 Be7 9. O-O O-O 10. Be3 a6 11. Qd2 Nbd7
12. Rfd1 Qc7 13. Rac1 Rac8 14. Bf1 Rfe8 15. a3 Qb8 16. b4 Bd8
17. Nb3 Bc7 18. Bf4 Ne5 19. Bg3 Rcd8 20. Qc2 Ng6 21. h3 h5
22. h4 d5 23. Bxc7 Qxc7 24. cxd5 exd5 25. Nxd5 Qxc2 26. Rxc2
Nxd5 27. exd5 Rxd5 28. Rxd5 Bxd5 29. Nd4 Re1 30. Kf2 Ra1
31. Rc8+ Kh7 32. Rd8 Ra2+ 33. Kg3 Ne7 34. Rd7 Rd2 35. Rxe7
Rxd4 36. Rd7 Kg6 37. Bxa6 Rd1 38. Be2 Rd4 39. Kf2 1-0

[Event "Pardubice op-A"]
[Site "Pardubice"]
[Date "2006.07.21"]
[EventDate "?"]
[Round "3"]
[Result "1-0"]
[White "David Navara"]
[Black "Eltaj Safarli"]
[WhiteElo "2725"]
[BlackElo "2463"]
[PlyCount "73"]

1.d4 Nf6 2.c4 e6 3.Nf3 b6 4.Nc3 Bb4 5.Bg5 h6 6.Bh4 Bb7 7.Nd2
Bxc3 8.bxc3 d6 9.f3 Nbd7 10.e4 e5 11.Bd3 Nf8 12.Bf2 c5 13.d5
Ng6 14.g3 Nd7 15.Nf1 Ne7 16.Ne3 Qc7 17.Qa4 a6 18.Rb1 O-O
19.Qc2 Kh8 20.a4 a5 21.Kd2 Bc8 22.f4 f5 23.exf5 exf4 24.gxf4
Nf6 25.Bh4 Bd7 26.Rbe1 Nfg8 27.Rhg1 Rf7 28.f6 Nxf6 29.Ng2 Qd8
30.f5 Neg8 31.Nf4 Qc7 32.Kc1 Re8 33.Re6 Kh7 34.Ng6 Qb7 35.Bg3
h5 36.Bxd6 Nh6 37.Ne5 1-0

[Event "European Individual Championships"]
[Site "Dresden GER"]
[Date "2007.04.09"]
[EventDate "2007.04.03"]
[Round "7"]
[Result "0-1"]
[White "Stanislav Novikov"]
[Black "Eltaj Safarli"]
[WhiteElo "2556"]
[BlackElo "2463"]
[PlyCount "110"]

1. e4 e5 2. Nf3 Nc6 3. Bb5 a6 4. Ba4 Nf6 5. O-O Be7 6. Re1 b5
7. Bb3 O-O 8. d3 d6 9. a3 Be6 10. c3 Bxb3 11. Qxb3 Na5 12. Qa2
c5 13. Bg5 Nd7 14. Be3 Qc7 15. Nbd2 c4 16. a4 Qc6 17. d4 Rfb8
18. Qa3 Bf8 19. d5 Qc7 20. axb5 axb5 21. b4 cxb3 22. Nxb3 Nxb3
23. Qxb3 Nc5 24. Bxc5 Qxc5 25. Kf1 g6 26. Reb1 Bh6 27. Ke2 Rc8
28. Ne1 Ra4 29. Rxa4 bxa4 30. Qxa4 Qxc3 31. Qb4 Qc7 32. g3 Ra8
33. Rb2 Kg7 34. Rc2 Qd7 35. Qb3 Ra1 36. Qc3 Rb1 37. Rb2 Qa4
38. f3 Qd1+ 39. Kf2 Ra1 40. Re2 Qa4 41. Qb2 Qa7+ 42. Kf1 Bc1
43. Qc3 Bg5 44. Qb4 Qa6 45. Qc3 Rd1 46. Qc6 Qd3 47. Qb6 Qxf3+
48. Qf2 Qh1+ 49. Qg1 Qxg1+ 50. Kxg1 Bd2 51. Kf2 Bxe1+ 52. Rxe1
Rxe1 53. Kxe1 f5 54. exf5 gxf5 55. Ke2 Kg6 0-1

[Event "European Individual Championships"]
[Site "Dresden GER"]
[Date "2007.04.11"]
[EventDate "2007.04.03"]
[Round "8"]
[Result "0-1"]
[White "Eltaj Safarli"]
[Black "Igor Kurnosov"]
[WhiteElo "2463"]
[BlackElo "2566"]
[PlyCount "80"]

1. e4 c5 2. Nf3 d6 3. d4 Nf6 4. Nc3 cxd4 5. Nxd4 a6 6. Bg5 e6
7. f4 Nbd7 8. Qf3 Qc7 9. O-O-O b5 10. Bd3 Bb7 11. Bxf6 Nxf6
12. g4 b4 13. Nce2 g6 14. g5 Nd7 15. Kb1 Nc5 16. h4 h5 17. Qh3
O-O-O 18. f5 gxf5 19. exf5 e5 20. f6+ Kb8 21. g6 fxg6 22. Ne6
Nxe6 23. Qxe6 Qc8 24. Qb3 Bxh1 25. Rxh1 d5 26. Bxg6 Rh6
27. Rg1 Bc5 28. Rg5 Qe6 29. a3 Qxf6 30. axb4 Be7 31. b5 a5
32. Qd3 e4 33. Qg3+ Qd6 34. Nd4 Bxg5 35. Nc6+ Kb7 36. Qxg5
Rxg6 37. Nxd8+ Kc7 38. b6+ Kxb6 39. Qf5 Rf6 40. Qc8 Qc7 0-1

[Event "European Individual Championships"]
[Site "Dresden GER"]
[Date "2007.04.13"]
[EventDate "2007.04.03"]
[Round "10"]
[Result "1/2-1/2"]
[White "Eltaj Safarli"]
[Black "Yuri Drozdovskij"]
[WhiteElo "2463"]
[BlackElo "2558"]
[PlyCount "34"]

1. e4 e6 2. d4 d5 3. Nc3 Bb4 4. exd5 exd5 5. Bd3 Nc6 6. a3 Be7
7. Nf3 Bf6 8. h3 Nge7 9. Ne2 Bf5 10. c3 Qd7 11. g4 Bxd3
12. Qxd3 h6 13. Be3 O-O-O 14. Ng3 g6 15. O-O-O Bg7 16. Kb1
Rdf8 17. Rdg1 Kb8 1/2-1/2

[Event "European Individual Championships"]
[Site "Dresden GER"]
[Date "2007.04.14"]
[EventDate "2007.04.03"]
[Round "11"]
[Result "1-0"]
[White "Alexander Berelowitsch"]
[Black "Eltaj Safarli"]
[WhiteElo "2556"]
[BlackElo "2463"]
[PlyCount "181"]

1. e4 e5 2. Nf3 Nc6 3. Bb5 a6 4. Ba4 Nf6 5. O-O Be7 6. Re1 b5
7. Bb3 O-O 8. a4 Bb7 9. d3 d6 10. Bd2 Nd4 11. Nxd4 exd4 12. c3
dxc3 13. Nxc3 Qd7 14. Ne2 g6 15. Nf4 c5 16. Qf3 Rfc8 17. axb5
axb5 18. Rxa8 Bxa8 19. Bc3 c4 20. dxc4 bxc4 21. Bc2 Qg4
22. Qe3 Qg5 23. Ra1 Ng4 24. Qg3 Ne5 25. Ra5 Qxg3 26. hxg3 Bf6
27. Nd5 Bxd5 28. Rxd5 Rc6 29. f3 Rb6 30. Bd4 Ra6 31. Kf2 Be7
32. Bc3 Rb6 33. Ke2 h5 34. Kd2 Bf6 35. Ra5 Kg7 36. Ra4 Rc6
37. Ra7 Rb6 38. Ra1 Rc6 39. Ra4 Rb6 40. f4 Ng4 41. Rxc4 Bxc3+
42. Kxc3 Ne3 43. Rc7 d5 44. e5 Nxg2 45. Ba4 h4 46. gxh4 d4+
47. Kc4 d3 48. Kxd3 Rxb2 49. Kc3 Re2 50. Bb3 Re3+ 51. Kb2 Nxh4
52. Rxf7+ Kh6 53. Rf6 Kg7 54. Rf7+ Kh6 55. Bc2 Nf3 56. Rf6 Nh4
57. Kc1 Re1+ 58. Kd2 Nf3+ 59. Kd3 Nxe5+ 60. fxe5 Rxe5
61. Rxg6+ Kh5 62. Kd4 Rg5 63. Rf6 Rg7 64. Ke3 Kg5 65. Rf5+ Kg4
66. Re5 Rg5 67. Bd1+ Kh4 68. Re7 Kg3 69. Bf3 Rg6 70. Be4 Rg5
71. Rf7 Rg4 72. Rf5 Rg7 73. Rh5 Kg4 74. Bf3+ Kg3 75. Rh1 Re7+
76. Be4 Rf7 77. Rg1+ Kh4 78. Rg8 Rf6 79. Bf3 Rb6 80. Kf2 Rb2+
81. Be2 Rb4 82. Bf3 Ra4 83. Ke3 Kh3 84. Bg2+ Kh2 85. Be4 Ra3+
86. Kf4 Rg3 87. Ra8 Rg7 88. Rh8+ Kg1 89. Ke3 Kf1 90. Ra8 Kg1
91. Ra1+ 1-0

[Event "11th Essent Open"]
[Site "Hoogeveen NED"]
[Date "2007.10.19"]
[EventDate "2007.10.12"]
[Round "8"]
[Result "1-0"]
[White "Eltaj Safarli"]
[Black "David Smerdon"]
[WhiteElo "2488"]
[BlackElo "2466"]
[PlyCount "73"]

1. e4 e6 2. d4 d5 3. Nc3 Nf6 4. Bg5 Bb4 5. Nge2 dxe4 6. a3 Be7
7. Bxf6 gxf6 8. Nxe4 f5 9. N4c3 b6 10. g3 Bb7 11. d5 Bxd5
12. Nxd5 Qxd5 13. Qxd5 exd5 14. O-O-O c6 15. Bh3 b5 16. Nd4
Kd8 17. Rhe1 Re8 18. f4 a6 19. Bxf5 h6 20. Bg4 Bf8 21. Re5
Rxe5 22. fxe5 Bg7 23. Re1 Ra7 24. Nf5 Bf8 25. Bh5 Nd7 26. Bxf7
Nc5 27. e6 Ne4 28. h4 Rc7 29. g4 Nd6 30. Nxd6 Bxd6 31. Rf1 Be7
32. g5 hxg5 33. h5 Bf8 34. Rf6 Bg7 35. Rg6 Be5 36. Rg8+ Ke7
37. h6 1-0

[Event "Dubai Open"]
[Site "Dubai UAE"]
[Date "2008.04.13"]
[EventDate "2008.04.07"]
[Round "8"]
[Result "1-0"]
[White "Eltaj Safarli"]
[Black "Hafizulhelmi Mas"]
[WhiteElo "2524"]
[BlackElo "2396"]
[PlyCount "157"]

1. e4 c5 2. Nc3 a6 3. g3 b5 4. Bg2 Bb7 5. d3 e6 6. Nf3 d6
7. O-O Nd7 8. Ng5 Ngf6 9. f4 Qc7 10. a4 b4 11. Ne2 c4 12. h3
Qb6+ 13. Kh1 a5 14. b3 cxb3 15. cxb3 Be7 16. Bb2 O-O 17. g4
Nc5 18. Nf3 Qa6 19. Ne1 Nfd7 20. Ng3 Bh4 21. Kh2 g6 22. Bd4 f5
23. exf5 exf5 24. Ra2 Nf6 25. Bxc5 dxc5 26. Bxb7 Qxb7 27. Rg2
fxg4 28. hxg4 Nd5 29. Qd2 Rae8 30. Re2 Qd7 31. Rxe8 Rxe8
32. Ne4 Qxg4 33. Ng2 Rf8 34. Qd1 Qxd1 35. Rxd1 Be7 36. Kg3 Kf7
37. Rc1 Rd8 38. Ne1 Bf8 39. Nf3 Ne3 40. Nfg5+ Ke8 41. Nf6+ Ke7
42. Ng8+ Kd7 43. Nf6+ Kc6 44. Nfxh7 Be7 45. Nf7 Nf5+ 46. Kg4
Rd4 47. Ne5+ Kd6 48. Re1 Nh4 49. Nc4+ Kd7 50. Re4 Nf5 51. Ne5+
Kd6 52. Re2 Nh6+ 53. Kf3 Kd5 54. Re4 Nf5 55. Re2 Nh6 56. Rd2
Nf5 57. Nxg6 Bd6 58. Nf6+ Ke6 59. Ne4 Rd5 60. Kg4 Nd4 61. Rb2
Nf5 62. Nxd6 Nxd6 63. Ne5 Nf7 64. Nxf7 Kxf7 65. Rd2 Kf6
66. Kf3 Rd8 67. Ke4 Rd4+ 68. Ke3 Rd8 69. Rc2 Re8+ 70. Kd2 Rc8
71. Rc4 Kf5 72. Ke3 Kg4 73. Re4 Rf8 74. Re5 Rxf4 75. Re4 Rxe4+
76. Kxe4 Kg3 77. Kd5 Kf3 78. Kxc5 Ke3 79. Kc4 1-0

[Event "European Individual Championship"]
[Site "Plovdiv BUL"]
[Date "2008.04.21"]
[EventDate "2008.04.21"]
[Round "1"]
[Result "1-0"]
[White "Eltaj Safarli"]
[Black "Alexandru-Barbu Nitelea"]
[WhiteElo "2524"]
[BlackElo "2090"]
[PlyCount "141"]

1. e4 c5 2. Nf3 e6 3. Nc3 a6 4. g3 b5 5. Bg2 Bb7 6. d3 Be7
7. e5 d6 8. O-O dxe5 9. Nxe5 Bxg2 10. Kxg2 Nf6 11. Qf3 Ra7
12. a4 b4 13. Ne4 Qd4 14. Nxf6+ gxf6 15. Nc4 Rd7 16. Kg1 h5
17. Bf4 e5 18. Be3 Qd5 19. Qe2 Rd8 20. f4 b3 21. fxe5 fxe5
22. Rf5 Nc6 23. Raf1 h4 24. g4 h3 25. c3 Qxd3 26. Qxd3 Rxd3
27. Kf2 Rh4 28. Rg1 f6 29. Ke2 Rd5 30. Nd2 Na5 31. Rh5 Rxh5
32. gxh5 Kf7 33. h6 Rd8 34. Rg7+ Ke6 35. h7 Rh8 36. Ne4 f5
37. Bxc5 fxe4 38. Rxe7+ Kd5 39. Be3 Nc6 40. Rb7 Na5 41. Rc7
Kd6 42. Bb6 Nc6 43. Rg7 Ke6 44. Bc5 Na5 45. Re7+ Kf5 46. Be3
Nc4 47. Bc1 Nb6 48. Rf7+ Kg4 49. Ke3 Nxa4 50. Ke2 Nb6 51. Rb7
Na4 52. Rb4 Nc5 53. Be3 a5 54. Rc4 Nd3 55. Rxe4+ Nf4+ 56. Bxf4
exf4 57. Re7 a4 58. Rg7+ Kh5 59. Ra7 Kg4 60. Rb7 Re8+ 61. Kf2
Rh8 62. c4 a3 63. bxa3 b2 64. Rxb2 Rxh7 65. c5 Kf5 66. c6 Rc7
67. Rc2 Ke6 68. Kf3 Kd6 69. Kxf4 Rf7+ 70. Kg3 Rc7 71. Kxh3 1-0

[Event "European Individual Championship"]
[Site "Plovdiv BUL"]
[Date "2008.04.22"]
[EventDate "2008.04.21"]
[Round "2"]
[Result "0-1"]
[White "Eltaj Safarli"]
[Black "Igor Kurnosov"]
[WhiteElo "2524"]
[BlackElo "2593"]
[PlyCount "96"]

1. e4 c5 2. b3 Nf6 3. e5 Nd5 4. Bb2 g6 5. e6 f6 6. h4 dxe6
7. h5 Bg7 8. Nf3 e5 9. Bc4 Be6 10. Qe2 Nc6 11. hxg6 hxg6
12. Rxh8+ Bxh8 13. Qe4 Kf7 14. Nc3 Ncb4 15. g4 Nf4 16. O-O-O
Qd7 17. Rh1 Qc6 18. Nxe5+ fxe5 19. Rh7+ Bg7 20. Rxg7+ Kxg7
21. Qxe5+ Kf7 22. Qxf4+ Ke8 23. f3 Bxc4 24. Qxc4 Qxf3 25. Kb1
Rd8 26. Qxc5 Qxg4 27. d3 Rc8 28. Qb5+ Kf7 29. a3 Rxc3 30. axb4
Rc6 31. Qd5+ Qe6 32. Qh1 Ke8 33. b5 Rc7 34. Qh8+ Kd7 35. Qd4+
Qd6 36. Qxa7 Qc5 37. b6 Qxc2+ 38. Ka1 Rc6 39. Qxb7+ Ke6 40. d4
Kf7 41. Ka2 Re6 42. Qa7 Qd3 43. Qa5 Rd6 44. Bc3 Qf3 45. Qa7
Qc6 46. Ba5 Qc2+ 47. Ka3 Qc1+ 48. Ka2 Rc6 0-1

[Event "European Individual Championship"]
[Site "Plovdiv BUL"]
[Date "2008.04.23"]
[EventDate "2008.04.21"]
[Round "3"]
[Result "1/2-1/2"]
[White "Vlatko Bogdanovski"]
[Black "Eltaj Safarli"]
[WhiteElo "2391"]
[BlackElo "2524"]
[PlyCount "73"]

1. d4 Nf6 2. Nf3 e6 3. g3 b5 4. Bg2 Bb7 5. Bg5 c5 6. O-O Na6
7. c3 Be7 8. Qd3 Qb6 9. Nbd2 cxd4 10. Bxf6 Bxf6 11. cxd4 O-O
12. a3 Rac8 13. Rfc1 Nb8 14. e3 a5 15. Bf1 Bc6 16. Ne5 Bxe5
17. dxe5 f6 18. exf6 Rxf6 19. Ne4 Rh6 20. Qd4 Qxd4 21. exd4
Rf8 22. Nd6 b4 23. Nc4 Rh5 24. Ne5 Be4 25. axb4 axb4 26. f3
Bd5 27. Be2 Rg5 28. f4 Rxf4 29. Ra7 Rf8 30. Nxd7 Nxd7 31. Rxd7
h5 32. Rf1 Re8 33. Bf3 Bxf3 34. Rxf3 h4 35. Kg2 Rc8 36. Kh3
hxg3 37. hxg3 1/2-1/2

[Event "European Individual Championship"]
[Site "Plovdiv BUL"]
[Date "2008.04.26"]
[EventDate "2008.04.21"]
[Round "6"]
[Result "1-0"]
[White "Michal Luch"]
[Black "Eltaj Safarli"]
[WhiteElo "2383"]
[BlackElo "2524"]
[PlyCount "123"]

1. d4 Nf6 2. c4 e6 3. Nc3 Bb4 4. Qc2 O-O 5. a3 Bxc3+ 6. Qxc3
d6 7. Bg5 Nbd7 8. f3 b6 9. e4 c5 10. Nh3 h6 11. Be3 Ba6
12. O-O-O cxd4 13. Qxd4 Qc8 14. Qxd6 Bxc4 15. Kb1 Bxf1
16. Rhxf1 Qb7 17. Nf4 Nc5 18. Bxc5 bxc5 19. e5 Rfb8 20. Rf2
Ne8 21. Qxc5 Rc8 22. Qe3 Nc7 23. Rd7 Qb5 24. Rfd2 Na6 25. Qe2
Qa5 26. Rc2 Nc5 27. Rd1 Rcb8 28. Qe3 Na4 29. Rd3 Rb5 30. Rb3
Rxe5 31. Qd2 Qa6 32. Qd3 Qa5 33. Qd2 Nb6 34. Qxa5 Rxa5 35. Rc7
Ra4 36. Nd3 Rf8 37. Ne5 Nd5 38. Rd7 Nf6 39. Rdb7 Nd5 40. Nc6
a6 41. Ra7 Rc8 42. Rb8 Rxb8 43. Nxb8 Rd4 44. Nxa6 Rd2 45. Nc7
Ne3 46. Rb7 Rxg2 47. a4 Nc4 48. Rb4 Nd2+ 49. Ka2 Rg5 50. Rb8+
Kh7 51. b4 Nxf3 52. a5 Rg2+ 53. Ka3 Rc2 54. Nb5 Rc6 55. Ka4
Ne5 56. Na3 Rd6 57. Rc8 Nd7 58. Nc4 Rd1 59. a6 f5 60. Kb5 Ra1
61. Na5 Nf6 62. a7 1-0

[Event "European Individual Championship"]
[Site "Plovdiv BUL"]
[Date "2008.04.27"]
[EventDate "2008.04.21"]
[Round "7"]
[Result "1/2-1/2"]
[White "Eltaj Safarli"]
[Black "Zsivko Bratanov"]
[WhiteElo "2524"]
[BlackElo "2440"]
[PlyCount "158"]

1. e4 e6 2. d4 d5 3. exd5 exd5 4. c4 Nf6 5. Nc3 Be7 6. Bd3
dxc4 7. Bxc4 O-O 8. Nge2 a6 9. O-O b5 10. Bb3 Bb7 11. Bg5 Nbd7
12. Ng3 h6 13. Be3 Re8 14. Qc2 c5 15. dxc5 Bxc5 16. Nf5 Bxe3
17. fxe3 Ne5 18. Rad1 Qb6 19. Rd6 Qc5 20. Qf2 Neg4 21. Qg3 h5
22. Rxf6 gxf6 23. h3 Rxe3 24. Nxe3 Qxe3+ 25. Qxe3 Nxe3
26. Rxf6 Nc4 27. Bxc4 bxc4 28. Rb6 Bc8 29. Nd5 h4 30. Kf2 Kg7
31. Nc7 Ra7 32. Rc6 Bf5 33. Rxc4 a5 34. Ne8+ Kf8 35. Nd6 Be6
36. Ra4 Rc7 37. b3 Rc2+ 38. Kf3 Ke7 39. Ne4 Bd5 40. Kg4 Bc6
41. Rxa5 Bxe4 42. Re5+ Kf6 43. Rxe4 Rxg2+ 44. Kxh4 Rxa2
45. Kh5 Rb2 46. Re3 Rg2 47. h4 Kf5 48. Rc3 Ke4 49. Rc4+ Ke5
50. Rc5+ Ke4 51. Rg5 Rb2 52. Rg4+ Ke5 53. Rg5+ Ke4 54. Rg4+
Ke5 55. Kg5 f5 56. Rg1 Rxb3 57. Re1+ Kd6 58. Kxf5 Rf3+ 59. Kg5
Rg3+ 60. Kf4 Rg7 61. Kf5 Rg2 62. Re6+ Kd7 63. Re4 Rh2 64. Kf6
Rf2+ 65. Kg6 Rg2+ 66. Kh6 Rg1 67. Re5 Rh1 68. Rh5 Rg1 69. Rg5
Rh1 70. h5 Ke7 71. Kg7 Rf1 72. h6 Rf7+ 73. Kg6 Rf6+ 74. Kh5
Rf1 75. h7 Kf7 76. h8=N+ Kf6 77. Rg6+ Kf5 78. Rg5+ Kf6 79. Ng6
Rf5 1/2-1/2

[Event "European Individual Championship"]
[Site "Plovdiv BUL"]
[Date "2008.04.29"]
[EventDate "2008.04.21"]
[Round "8"]
[Result "0-1"]
[White "Plamen Mladenov"]
[Black "Eltaj Safarli"]
[WhiteElo "2371"]
[BlackElo "2524"]
[PlyCount "56"]

1. d4 Nf6 2. Nf3 g6 3. Bg5 Bg7 4. c3 O-O 5. Nbd2 d6 6. e4 c5
7. dxc5 dxc5 8. Be2 Nc6 9. O-O Qc7 10. Re1 Nh5 11. Bf1 h6
12. Bh4 Bg4 13. Qc2 Rad8 14. Bg3 Nxg3 15. hxg3 h5 16. Nc4 Bh6
17. a4 a6 18. Nh4 Ne5 19. f4 Nxc4 20. Bxc4 e6 21. Be2 g5
22. Bxg4 hxg4 23. fxg5 Qxg3 24. gxh6 Qxh4 25. e5 f5 26. exf6
Rxf6 27. h7+ Kh8 28. Rf1 g3 0-1